The Asq Metrology Handbook (Record no. 2366)

MARC details
005 - DATE AND TIME OF LATEST TRANSACTION
control field 20250516090152.0
020 ## - INTERNATIONAL STANDARD BOOK NUMBER
International Standard Book Number 978-1-63694-019-9
082 ## - DEWEY DECIMAL CLASSIFICATION NUMBER
Classification number 658.5
245 ## - TITLE STATEMENT
Title The Asq Metrology Handbook
250 ## - EDITION STATEMENT
Edition statement 3rd Ed.
260 ## - PUBLICATION, DISTRIBUTION, ETC.
Place of publication, distribution, etc. United States.
Name of publisher, distributor, etc. AsqExcellence,
Date of publication, distribution, etc. 2022.
300 ## - PHYSICAL DESCRIPTION
Extent xxxi,695p.;
Other physical details ill.;
Dimensions 26cm
700 ## - ADDED ENTRY--PERSONAL NAME
Other authors/Editors HEATHER, W. A.
942 ## - ADDED ENTRY ELEMENTS (KOHA)
Source of classification or shelving scheme Dewey Decimal Classification
Koha item type Books
Holdings
Date last seen Total checkouts Full call number Barcode Cost, replacement price Price effective from Koha item type Lost status Source of classification or shelving scheme Damaged status Not for loan Withdrawn status Home library Current library Shelving location Date acquired Cost, normal purchase price
05/16/2025   658.5 DOM00081 999999.99 05/16/2025 Books   Dewey Decimal Classification       CBE Dodoma CBE Dodoma Special Reserve Collection 03/12/2025 752640.00